Science and human values

সংরক্ষণ করুন:
গ্রন্থ-পঞ্জীর বিবরন
প্রধান লেখক: Bronowski, J.
বিন্যাস: গ্রন্থ
ভাষা:Undetermined
প্রকাশিত: New York Harper and Row 1956
বিষয়গুলি:
ট্যাগগুলো: ট্যাগ যুক্ত করুন
কোনো ট্যাগ নেই, প্রথমজন হিসাবে ট্যাগ করুন!
Thư viện lưu trữ: Trung tâm Học liệu Trường Đại học Cần Thơ
LEADER 00453nam a2200181Ia 4500
001 CTU_78988
008 210402s9999 xx 000 0 und d
082 |a 509 
082 |b B689 
100 |a Bronowski, J. 
245 0 |a Science and human values 
245 0 |c J. Bronowski 
260 |a New York 
260 |b Harper and Row 
260 |c 1956 
650 |a Science 
650 |x Philosophy 
980 |a Trung tâm Học liệu Trường Đại học Cần Thơ